Pterydophyta / (Record no. 42320)
[ view plain ]
| 000 -LEADER | |
|---|---|
| fixed length control field | 00664nam a22002057a 4500 |
| 005 - DATE AND TIME OF LATEST TRANSACTION | |
| control field | 2010081701141.0 |
| 010 ## - LCCN (DPL NO) | |
| LC control number | ENG-100800 |
| 020 ## - INTERNATIONAL STANDARD BOOK NUMBER | |
| International Standard Book Number | 9789380421018 |
| Terms of availability | 70.00 |
| 035 ## - SYSTEM CONTROL NUMBER | |
| System control number | EN-84333 |
| 037 ## - SOURCE OF ACQUISITION | |
| Source of stock number/acquisition | DBAD/PUB |
| 082 ## - DEWEY DECIMAL CLASSIFICATION NUMBER | |
| Classification number | 587 |
| 100 ## - MAIN ENTRY--PERSONAL NAME | |
| Personal name | Rajesh, M. |
| 245 ## - TITLE STATEMENT | |
| Title | Pterydophyta / |
| Statement of responsibility, etc | by M.Rajesh |
| 260 ## - PUBLICATION, DISTRIBUTION, ETC. (IMPRINT) | |
| Place of publication, distribution, etc | Thanjavur |
| Name of publisher, distributor, etc | Nalakilli Pathippagam |
| Date of publication, distribution, etc | 2009 |
| 270 ## - ADDRESS | |
| Address | 1271, Sulthanjippa Lane, South Rampart |
| City | Thanjavur |
| Postal code | 613001 |
| 300 ## - PHYSICAL DESCRIPTION | |
| Extent | 116p.: |
| Other physical details | ill. |
| Dimensions | 20cm (pbk) |
| 650 ## - SUBJECT ADDED ENTRY--TOPICAL TERM | |
| Topical term or geographic name as entry element | Pterydophyta |
| 942 ## - ADDED ENTRY ELEMENTS (KOHA) | |
| Source of classification or shelving scheme | Dewey Decimal Classification |
| Item type | English Books |
| Classification part | 587 |
| Call number suffix | RAJ |
| Withdrawn status | Lost status | Not for loan | Collection code | Home library | Current library | Date acquired | Source of acquisition | Cost, normal purchase price | Full call number | Barcode | Copy number | Cost, replacement price | Koha item type |
|---|---|---|---|---|---|---|---|---|---|---|---|---|---|
| Not For Loan | Non-fiction | D.B.Act.Division | D.B.Act.Division | 17/08/2010 | DBAD/PUB | 70.00 | 587 RAJ | EN-84333 | 1 | 70.00 | English Books |
